Sports Quiz

Random Sports or Football Quiz

Anything But The Broncos Quiz Stats

 Plays Quiz not verified by Sporcle

Challenge
Share
Tweet
Embed
Score 0/34 Timer 10:00
0 Plays Today
Answer % Correct
Patriots
95.6%
Patriots
95.6%
Patriots
95.6%
Cowboys
92.3%
Cowboys
92.3%
Cowboys
92.3%
Steelers
90.7%
Steelers
90.7%
Packers
90.1%
Packers
90.1%
49ers
89%
49ers
89%
Rockies
86.8%
Giants
85.7%
Giants
85.7%
Bills
85.2%
Dolphins
84.1%
Answer % Correct
Dolphins
84.1%
Raiders
83.5%
Raiders
83.5%
Nuggets
81.3%
Vikings
81.3%
Vikings
81.3%
Avalanche
80.8%
Jets
79.7%
Jets
79.7%
Redskins
79.1%
Colts
75.8%
Colts
75.8%
Eagles
71.4%
Ravens
67%
Falcons
64.8%
Rapids
35.2%
Mammoth
13.7%

You're not logged in!

Compare scores with friends on all Sporcle quizzes.
OR
Log In

You Might Also Like...

Show Comments

Extras

Top Quizzes Today


Score Distribution

Your Account Isn't Verified!

In order to create a playlist on Sporcle, you need to verify the email address you used during registration. Go to your Sporcle Settings to finish the process.

Report this User

Report this user for behavior that violates our Community Guidelines.

Details: